000 00446nam a2200181Ia 4500
005 20230330101144.0
008 131103s9999 xx 000 0 und d
040 _aLoreto College
041 _aEnglish
082 _a822.91
_bTEN
100 _aTennant, Kylie
245 _aTether a dragon
_cKylie Tennant
260 _aSydney
_bAssociated general pub.
_c1952
300 _a127p.
650 _aEnglish drama
850 _aLCLIB
942 _cBK
999 _c22656
_d73135